000
00301nam a22001337a 4500
008
170926b xxu||||| |||| 00| 0 eng d
020
_a
9780132320030
041
_a
eng
080
_2
6TH
_a
37
100
_a
46
101
_a
EDU
245
_a
WRITING IN THE DISCIPLINES
_c
KENNEDY,M,L
942
_2
udc
_c
BK
999
_c
30000
_d
30000